| 000 | 01234cam a22003257a 4500 | ||
|---|---|---|---|
| 001 | 13507377 | ||
| 003 | OSt | ||
| 005 | 20160608152247.0 | ||
| 008 | 040301s2003 vau b 000 0 eng d | ||
| 010 | _a 2004297136 | ||
| 020 | _a9780873525526 | ||
| 035 | _a(OCoLC)ocm53878091 | ||
| 040 |
_aSINIE _cSINIE _dDLC |
||
| 042 | _alccopycat | ||
| 050 | 0 | 0 |
_aQA 11.2 _b.M676 2003 |
| 082 |
_aGLT 510.7 _bM67 2003 |
||
| 100 | 1 |
_aMirra, Amy. _922624 |
|
| 245 | 1 | 0 |
_aAdministrator's guide : _bhow to support and improve mathematics education in your school / _cAmy J. Mirra. |
| 246 | 3 | 0 | _aHow to support and improve mathematics education in your school |
| 260 |
_aReston, Va. : _bNational Council of Teachers of Mathematics, _c2003 |
||
| 300 |
_a47 p. : _bcol. ill. ; _c22 x 28 cm. |
||
| 504 | _aIncludes bibliographical references (p. 46-47). | ||
| 650 | 0 |
_aMathematics _xStudy and teaching. _922625 |
|
| 650 | 0 |
_aSchool management and organization. _922352 |
|
| 710 | 2 |
_aNational Council of Teachers of Mathematics. _92162 |
|
| 906 |
_a7 _bcbc _ccopycat _d2 _encip _f20 _gy-gencatlg |
||
| 942 |
_2lcc _cEB |
||
| 999 |
_c12586 _d12586 |
||